000 00733nam a2200229Ia 4500
003 GCL
008 140319s9999 xx 000 0 ara d
040 _aGCL /
_cGCL
082 0 4 _a953
_bم ح
100 1 _aمحمد فتحى الشاعر
245 1 0 _aالحضارة الاسلامية فى العصور الوسطى /
_cمحمد فتحى الشاعر
260 _a[S.N] :
_bدار المعارف ،
_c1993
300 _a194 ص
490 _a
650 0 4 _aالاسلام
650 0 4 _aالتاريخ الاسلامى
650 0 4 _aالنظم الاقتصادية
650 0 4 _aالنظم السياسية
650 0 4 _aالحضارة الاسلامية
650 0 4 _aالنظم الاجتماعية
942 _2ddc
_cBK
999 _c27912
_d27912